000 01804cam a2200169 4500500
005 20260208003714.0
041 _afre
042 _adc
100 1 0 _aPradeau, Jean-François
_eauthor
245 0 0 _aGiovanni R. F. Ferrari, City and Soul in Plato’s Republic, Sankt Augustin, 2003, 130 p.
260 _c2005.
500 _a94
520 _aÉcartant les questions traditionnelles de savoir comment il s’est singularisé dans l’histoire de la doctrine allemande du droit et les raisons qui font de lui l’un des précurseurs de la théorie des actes de langages, la présente étude évalue l’intérêt juridique de l’approche « intuitionniste » de Reinach. L’utilisation conjointe de sa définition de la promesse et des travaux de Jean-Louis Gardies devraient montrer l’impasse théorique et le faible intérêt pratique de son intuitionnisme, et ce faisant contribuer à diriger les recherches phénoménologiques en théorie du droit vers les travaux du Husserl des Idées directrices
520 _aPutting aside the familiar issues of understanding how Reinach stood out in the history of German law doctrine and the reasons which make him one of the precursors of the Speech acts theory, this study attempts to evaluate the judicial interest in his « intuitionist » approach. By using both Reinach’s definition of the promise and the works of Jean-Louis Gardies to show the theoretical impasse and the slight practical interest of his intuitionism it should contribute to directing phenomenological research in law theory towards the late works of Husserl.
786 0 _nLes Études philosophiques | 72 | 1 | 2005-03-01 | p. 117i-142i | 0014-2166
856 4 1 _uhttps://shs.cairn.info/revue-les-etudes-philosophiques-2005-1-page-117i?lang=fr&redirect-ssocas=7080
999 _c1648579
_d1648579